One day at a time : (Record no. 354678)
[ view plain ]
| 000 -LEADER | |
|---|---|
| fixed length control field | 00322nam a2200109Ia 4500 |
| 008 - FIXED-LENGTH DATA ELEMENTS--GENERAL INFORMATION | |
| fixed length control field | 180205s9999 xx 000 0 und d |
| 020 ## - INTERNATIONAL STANDARD BOOK NUMBER | |
| International Standard Book Number | 9719174943 |
| 100 ## - MAIN ENTRY--PERSONAL NAME | |
| Personal name | Kong, Francis J. |
| 245 ## - TITLE STATEMENT | |
| Title | One day at a time : |
| Remainder of title | a daily dose of inspiration for the man at work/book 1 |
| 260 ## - PUBLICATION, DISTRIBUTION, ETC. (IMPRINT) | |
| Place of publication, distribution, etc | Philippines |
| Date of publication, distribution, etc | 2001 |
| 300 ## - PHYSICAL DESCRIPTION | |
| Extent | 247 pages |
| Withdrawn status | Lost status | Source of classification or shelving scheme | Damaged status | Home library | Current library | Shelving location | Date acquired | Source of acquisition | Total Checkouts | Full call number | Barcode | Date last seen | Price effective from | Koha item type |
|---|---|---|---|---|---|---|---|---|---|---|---|---|---|---|
| Library of Congress Classification | College Library | College Library | Filipiniana Section | 02/05/2018 | Donation | BV 4515.2 .K82 2001 | C0597 | 10/09/2018 | 02/05/2018 | Books |